| 000 | 00821nam a2200277 c 4500 | ||
|---|---|---|---|
| 003 | BLK | ||
| 005 | 20190601143458.0 | ||
| 008 | 180411b bul|||||r ||||||| ||bul|| | ||
| 010 | _aKNG00217263000 | ||
| 040 | _aBLK | ||
| 041 |
_aBUL _cENG |
||
| 080 |
_aАнглийска литература _b821.111 _x-32 _z821.111-32 |
||
| 100 | 1 |
_aDoyle, Arthur Conan _eпърви автор _9381281 |
|
| 139 |
_aDoyle, Arthur Conan _bD 79 |
||
| 245 | 1 | 0 |
_aThe problem of thor Bridge _bРазкази _cArthur Conan Doyle. |
| 257 | _aBGR | ||
| 260 |
_аSofia _bGuarant 21 _c1991 |
||
| 300 |
_a140 p. _c17 cm |
||
| 380 | _aX | ||
| 490 | 1 | _aYour Books in English | |
| 852 | _aЦб І 25200 | ||
| 856 | 4 |
_qpdf _u |
|
| 856 | 4 |
_qpdf _u |
|
| 942 |
_cKNG _n0 _01 |
||
| 944 |
_aCR _c14.03.2018 _kНора_Радева |
||
| 944 |
_aED _c14.03.2018 _kНора_Радева |
||
| 999 |
_c207500 _d207500 |
||